| 000 | 01033cam a2200289 a 4500 | ||
|---|---|---|---|
| 001 | 12196580 | ||
| 003 | OSt | ||
| 005 | 20140310181800.0 | ||
| 008 | 001005s1998 flu d 000 0 eng | ||
| 010 | _a 00708457 | ||
| 020 | _a1582794200 | ||
| 040 |
_aDLC _cDLC _dDLC |
||
| 050 | 0 | 0 |
_aPE 1591 _b.N532 2000 |
| 082 | 0 | 0 |
_aR 011.02 _bN42 2000 |
| 110 |
_aTrident Press International _920996 |
||
| 245 | 0 | 4 | _aThe new international Webster's pocket thesaurus of the English language / |
| 246 | 3 | 0 | _aWebster's pocket thesaurus |
| 260 |
_a[Naples, Fla.] : _bTrident Press International, _c2000. |
||
| 300 |
_a318 p. : _c17 cm. |
||
| 541 | _j1 | ||
| 562 | _e1 | ||
| 650 | 0 |
_aEnglish language _xSynonyms and antonyms. _921793 |
|
| 710 | 2 |
_aTrident Press International. _920996 |
|
| 906 |
_a7 _bcbc _corignew _d2 _encip _f20 _gy-gencatlg |
||
| 942 |
_2lcc _cBK-SFU |
||
| 999 |
_c3597 _d3597 |
||